| 000 | 00829cab a2200301 4500 | ||
|---|---|---|---|
| 001 | ABS60423 | ||
| 008 | 090401t1999 xxu||||| |||| 00| 0 eng d | ||
| 035 | _a(Sirsi) u93005 | ||
| 041 | _aeng | ||
| 100 | _aPeace, S. | ||
| 245 | _aHelping disabled people escape | ||
| 260 | _c1999 | ||
| 350 | _a0 | ||
| 490 |
_aArchitects` Journal _v209 (15) 15 April 1999, 40-41(2) |
||
| 650 | _aDISABILITY DISCRIMINATION ACT | ||
| 650 | _aDISABILITY | ||
| 650 | _aDISABLED PEOPLE | ||
| 650 | _aEMERGENCY EXITS | ||
| 650 | _aEVACUATION | ||
| 650 | _aLIFTS | ||
| 650 | _aPERSONAL EVACUATION PLANS | ||
| 650 | _aPHASING | ||
| 650 | _aPUBLIC ACCESS | ||
| 650 | _aBUILT ENVIRONMENT-BUILDING ELEMENTS-COMPLETE BUILDING ELEMENTS-STAIRS | ||
| 690 | _aBUILT ENVIRONMENT-CONSTRUCTION DESIGN | ||
| 942 | _n0 | ||
| 948 | _c27/04/1999 | ||
| 999 |
_c58943 _d58943 |
||